[Event "Novgorod"]
[Site "Novgorod"]
[Date "1995.05.29"]
[Round "3"]
[White "Jussupow, Artur"]
[Black "Kasparov, Garry"]
[Result "0-1"]
[WhiteElo "2660"]
[BlackElo "2805"]
[Annotator "Stohl,I"]
[PlyCount "86"]
[EventDate "1995.05.??"]
[EventType "tourn"]
[EventRounds "9"]
[EventCountry "RUS"]
[EventCategory "17"]
[SourceTitle "CBM 048"]
[Source "ChessBase"]
[SourceDate "1995.10.01"]
[SourceVersion "1"]
[SourceVersionDate "1995.10.01"]
[SourceQuality "1"]

1. d4 Nf6 2. Nf3 {Yusupov already tried various systems against Kasparov, but
without much success lately.} (2. c4 g6 3. Nc3 Bg7 4. e4 d6 5. Nge2 a6 6. Ng3
Nbd7 7. a4 h5 8. Be2 e5 9. Be3 exd4 10. Bxd4 Ne5 11. h3 Qe7 12. f4 h4 13. Nf1
Nc6 14. Nd5 Qd8 15. Bc3 O-O 16. Nd2 Nxd5 17. cxd5 Nd4 18. O-O Re8 19. Bd3 c6
$13 {Yusupov,A-Kasparov,G/Moscow olm/1994/}) 2... g6 3. Bg5 Bg7 4. c3 c5 (4...
O-O 5. Nbd2 d6 6. e4 c5 7. dxc5 dxc5 8. Be2 Nc6 9. O-O Qc7 10. Qc2 Rd8 $1 11.
Rfe1 h6 12. Bh4 Nh5 13. Nc4 Be6 14. Ne3 (14. a4 $142 $5 $10) 14... Nf4 15. Bf1
Ne5 16. Nxe5 Bxe5 17. Nc4 Bxc4 18. Bxc4 b5 $1 19. Bf1 c4 $15 {[%csl Ge5,Gf4,
Yb5,Yc4,Rd3] Yusupov,A-Kasparov,G/Riga Tal mem/1995/ Black has a space
advantage and controls important central squares. Also he threatens to occupy
d3 with his N.}) 5. e3 (5. dxc5 $5 Qc7 (5... Na6 $5 6. Qd4 (6. b4 Ne4 7. Qb3 d6
$5 $44) 6... Nc7 $5 7. Nbd2 Ne6 8. Qc4 b6 9. cxb6 Qxb6 10. Qb3 Qc7 11. Bh4 Rb8
12. Qc2 Qb6 13. Nc4 Qc5 14. e3 O-O 15. Bd3 Bb7 16. Ncd2 Qb6 17. Nc4 Qc7 18. O-O
Bxf3 19. gxf3 Qb7 20. f4 Nc5 $44 {Sorokin,M-Sakaev,K/St.Petersburg/1993/}) 6.
Nbd2 Qxc5 7. Bxf6 Bxf6 8. Ne4 Qc6 9. Nxf6+ Qxf6 $10) 5... Qb6 6. Qb3 O-O 7.
Nbd2 {[%cal Yb6b3] A well known motif. Both players wait for a more suitable
moment to exchange Q.} d6 8. Qxb6 {The moment has come, Black already wanted
to play Be6.} (8. Nc4 Qc7 $1 $132) 8... axb6 9. Nc4 Nbd7 (9... b5 $2 10. Nb6)
10. Be2 d5 (10... b5 $6 11. Na3 b4 12. cxb4 cxb4 13. Nc2 $16 {[%csl Rb4]}) (
10... h6 $5 11. Bh4 (11. Bxf6 Bxf6 12. d5 b5 13. Na3 $2 Rxa3 $1 $19) 11... g5
12. Bg3 Ne4 $132) 11. Nce5 h6 12. Bf4 c4 $1 $8 {[%csl Ge4] Best. White is
unable to prepare a quick e4, so Black can release the tension in the center.}
(12... g5 13. Nxd7 Nxd7 (13... Bxd7 14. Bc7 $36) 14. Bg3 $14) (12... Nh5 13.
Nxd7 Bxd7 14. Bc7 $14) 13. h4 b5 (13... h5 $5 $10) 14. g4 Nb6 (14... Nxe5 15.
Nxe5 Nd7 16. Bf3 e6 $10 {Kasparov plays a more ambitious move.}) 15. g5 hxg5
16. hxg5 Ne4 (16... Nh5 17. Nh4 $5 (17. Bh2 $5 Na4 18. O-O-O b4 $1 19. cxb4 c3
$40) 17... Nxf4 18. exf4 $14 {[%cal Gh4f5] White controls the f5-square and
has more space.}) 17. Nd2 {[%csl Ge4] White must exchange the strong Ne4.} (17.
a3 $2 Na4 18. Ra2 Naxc3 $1 19. bxc3 Nxc3 20. Ra1 b4 $17) 17... Bf5 (17... Na4
18. Nxe4 dxe4 19. O-O-O $36 {[%cal Rh1h8,Ga2a3] After blockading the Qside
with a3 White can start to play against the Black K.}) (17... Nxd2 18. Kxd2 Na4
$6 19. b3 Nb6 20. Rhb1 $36) 18. Bg4 (18. f3 $6 Nxd2 19. Kxd2 Na4 20. b3 Nb6 $36
{[%cal Ra8a3,Rf8a8,Gf5b1] is good for Black-he controls the b1-square.}) (18.
Nxe4 Bxe4 19. f3 Bf5 20. Rh2 Na4 21. Bd1 $10) 18... Na4 (18... Bxe5 $6 19. Bxe5
{[%cal Rh1h8]} f6 20. Bxf5 gxf5 21. gxf6 exf6 22. Bf4 Na4 23. f3 $1 Nxd2 24.
Kxd2 $40 {[%csl Rb5,Rb7,Rc4,Rd5,Rf5,Rf6][%cal Rg1g8,Rh1h8] White has a strong
attack and the black P are weak.}) (18... Bxg4 19. Nxg4 Na4 20. Nxe4 dxe4 21.
Rb1 {[%cal Rf4e5,Rg4h6] with ideas like Nh6 or Be5 gives White more attacking
chances, than in the game.}) 19. Nxe4 dxe4 $1 (19... Bxe4 20. f3 {[%cal Gh1h2]
followed by Rh2, ideally defending b2.}) 20. Bxf5 (20. O-O-O b4 $1 21. cxb4 c3
$36) (20. Rb1 $142 $5 $13) 20... gxf5 21. Rb1 b4 $1 (21... Nb6 22. a3 Nd5 23.
Kd2 $1 {leads to a static position, in which Black has no play for his R, also
his P are immobile and can be weak. But Kasparov has foreseen this strong
break already moves ago.}) 22. cxb4 (22. Nxc4 $6 Rfc8 $17) 22... Nb6 $5 (22...
c3 23. bxc3 (23. b3 $6 Nb2 24. a4 Nd3+ $1 {[%csl Rc3] and the cP is very
dangerous.}) 23... Nxc3 24. Rb2 Rxa2 25. Rxa2 Nxa2 26. Kd2 $1 Nxb4 27. Rb1 $10
{Kasparov again chooses a more ambitious move, but he does not risk too much
by doing so.}) 23. a3 Rfc8 24. g6 $2 (24. Kd2 Nd5 (24... c3+ 25. bxc3 Rxa3 26.
Rhc1 Bxe5 27. Bxe5 Nc4+ $44) 25. Rhc1 b5 (25... c3+ $6 26. bxc3 Rxa3 27. c4 $36
) 26. Ra1 $44 (26. Rc2 $5 $44 {Black has good compensation for the P, but the
outcome remains unclear.})) 24... Bxe5 25. gxf7+ (25. Bxe5 fxg6 $17) 25... Kxf7
26. Bxe5 Nd5 {[%csl Gd5,Re5] Black has a much stronger minor piece, the Nd5
also cooperates much better with Ra8 and Rc8. The Be5 cannot defend the
catastrophic weaknesses.} 27. Kd2 $6 (27. Kf1 $142 c3 28. Kg2 (28. bxc3 Rxc3
29. Kg2 Raxa3 $17) 28... cxb2 29. Rxb2 Rxa3 $17 (29... Rg8+ $5 $40)) 27... c3+
28. Kc2 (28. bxc3 Rxa3 $19) 28... cxb2+ 29. Kxb2 Rc3 30. Ra1 (30. Rbc1 Rcxa3
$19) (30. Rh5 Raxa3 31. Rxf5+ Ke6 32. Rh5 Nxb4 $19 {[%cal Rb4d3]}) 30... b5 {
[%cal Yc3d3,Yd5b6,Yb6c4] /\Rd3,Nb6-c4} 31. Rhc1 (31. Rh5 Rac8 $1 32. Rxf5+ Ke6
{[%cal Rc3c2] with a mating attack.}) (31. Rhd1 $5 Ke6 $22 32. Bg3 Rac8 33.
Rac1 Nb6 $5 $17) 31... Rd3 32. Rc5 (32. Rd1 Raxa3 $1 $19) 32... Nb6 $1 33. Rxb5
Nc4+ 34. Kc1 (34. Kc2 Nxa3+ 35. Kc1 Rg8 36. Rc5 Rg1+ 37. Kb2 Rd2+ $19) 34...
Rg8 35. Bg3 f4 $3 $19 (35... Rc8 $2 36. Rc5 $16) (35... Rh8 $6 36. Kc2 Nxa3+
37. Rxa3 Rxa3 38. Rxf5+ $13) (35... Rc3+ 36. Kd1 Rh8 37. Ra2 Rh1+ 38. Ke2 Rcc1
39. f3 $16) 36. Rf5+ (36. Bxf4 Rc3+ $1 37. Kd1 (37. Kb1 Rg1+ 38. Ka2 Rxa3#)
37... Rg1+ 38. Ke2 Rc2#) (36. exf4 Rc3+ $1 (36... e3 37. Kc2 $1 (37. Ra2 Rd2
38. Rxd2 exd2+ 39. Kd1 Rh8 $19) 37... Rxa3 38. Rf5+ $132) 37. Kd1 $8 (37. Kb1
Rh8 $40) 37... Rh8 38. Ra2 Rh1+ 39. Ke2 Rxg3 40. Rc2 (40. fxg3 Rh2+ $19) 40...
Re3+ $1 41. fxe3 Rh2+ 42. Kd1 Nxe3+ $19) 36... Kg6 37. Rxf4 Rc8 {[%cal Rc4a3]}
38. Rg4+ (38. Kb1 Nd2+ 39. Kb2 Rb3+ 40. Ka2 Rc2#) 38... Kh5 39. Rh4+ Kg6 $138
40. Rg4+ Kh5 41. Rh4+ Kg5 $1 42. f4+ Kg6 (42... exf3 $2 43. Kc2 $13) 43. f5+
Kg5 (43... Kg5 44. Rh2 $8 Nd2+ 45. Kd1 Nb1+ $1 46. Ke2 Rc2+ 47. Kf1 Rd1+ 48.
Be1 Rxh2 $19) 0-1

[Event "Amsterdam Euwe Memorial"]
[Site "Amsterdam"]
[Date "1995.05.13"]
[Round "2"]
[White "Kasparov, Garry"]
[Black "Piket, Jeroen"]
[Result "1-0"]
[WhiteElo "2805"]
[BlackElo "2670"]
[Annotator "Blatny,P"]
[PlyCount "57"]
[EventDate "1995.05.12"]
[EventType "tourn"]
[EventRounds "6"]
[EventCountry "NED"]
[EventCategory "18"]
[SourceTitle "CBM 047"]
[Source "ChessBase"]
[SourceDate "1995.08.01"]
[SourceVersion "1"]
[SourceVersionDate "1995.08.01"]
[SourceQuality "1"]

1. e4 {Konikowski Ftacnik Kasparov} e5 2. Nf3 Nc6 3. Bc4 Bc5 4. b4 Bb6 (4...
Bxb4 {Kasparov-Anand/Amsterdam Euwe/1995/1-0/ ;CBM 47}) 5. a4 a5 (5... a6 6.
Nc3 $1 Nf6 (6... d6 7. Nd5 Ba7 8. d3 {/\Be3+/=}) 7. Nd5 Nxd5 (7... Nxe4 8. O-O
O-O 9. d3 Nf6 10. Bg5 d6 11. Nd2 $1 $16 {Kan-Botvinnik/Odessa/1929/}) 8. exd5
e4 9. dxc6 exf3 10. Qxf3 Qe7+ 11. Kd1 dxc6 12. Re1 Be6 13. Bb2 $14) (5... a6 {
Ftacnik}) (5... a6 $142 {Konikowski}) 6. b5 Nd4 7. Nxd4 (7. Nxe5 $2 Qg5 (7...
Qf6 {Konikowski} 8. Nf3 $16 {Unzicker,W}) 8. Nxf7 Qxg2 9. Rf1 Qxe4+ 10. Be2
Nf3#) (7. Bxf7+ Kxf7 8. Nxe5+ Kf8 9. c3 $13 (9. c3 {Ftacnik} d6 10. Ba3 Qe7 $17
)) (7. c3 Nxf3+ 8. Qxf3 Qf6 $10) 7... Bxd4 8. c3 Bb6 9. d4 exd4 (9... Qe7 10.
O-O d6 11. f4 Be6 12. Na3 $14) (9... Qh4 $5 {Ftacnik} 10. O-O $13) 10. O-O (10.
cxd4 d5 11. exd5 (11. Bxd5 Nf6 12. Bg5 h6 13. Bxf6 Qxf6 $10 (13... Qxf6 14. e5
Qf4 $17)) 11... Ne7 $10 (11... Ne7 {Ftacnik} 12. Nc3 O-O 13. O-O Nf5 $132))
10... Ne7 11. Bg5 (11. cxd4 d5 $10) (11. Ba3 d6 {/^a3-f8}) 11... h6 12. Bxe7 (
12. Bh4 $5 $36 {Ftacnik}) 12... Qxe7 13. cxd4 Qd6 $6 (13... O-O 14. Nc3 c6 $132
(14... c6 {Ftacnik} 15. Rb1 Bc7 16. e5 d6 17. f4 Be6 $10)) (13... d6 {Ftacnik}
14. Nc3 Be6 15. Bd5 Rb8 $13) (13... Qb4 $5 {Kasparov} 14. Na3 d5 $5 15. exd5
O-O $132) 14. Nc3 Bxd4 (14... Qxd4 15. Nd5 $1 {Kasparov} (15. Qb3 {Ftacnik} O-O
16. Rad1 $44) 15... Qxc4 (15... Qxd1 16. Rfxd1 $16) 16. Rc1 Qa2 17. Nxb6 $1 (
17. Rc2 Qa3 $1 $8 (17... Qxa4 $2 18. Nxb6 cxb6 19. Rxc8+ Rxc8 20. Qxa4 $18) 18.
Rxc7 Qd6) (17. Rxc7 $5 Bxc7 18. Nxc7+ Kd8 19. Nxa8 $16) 17... cxb6 18. Qd6 Qe6
19. e5 Qxd6 20. exd6 Kd8 21. Rfe1 Re8 22. Rxe8+ Kxe8 23. Re1+ $18 (23. f4 $16))
15. Nd5 $1 Bxa1 (15... c5 {Ftacnik} 16. bxc6 dxc6 17. Qxd4 cxd5 18. Qxg7 $18)
16. Qxa1 O-O (16... f6 {Ftacnik} 17. b6 $1 cxb6 18. Rb1 $40) 17. e5 Qc5 18. Rc1
{/\Nc7,Bf7} c6 19. Ba2 (19. Nc7 Qa7 20. b6 Qxb6 21. Nxa8 Qa7 22. Nc7 b6 $17) (
19. Nf6+ {Ftacnik} Kh8 $1) 19... Qa3 (19... Qa7 20. b6 Qb8 21. Nc7 $18 (21. Nc7
{Ftacnik} Ra6 22. Qd4 $18)) (19... Qxc1+ {Ftacnik} 20. Qxc1 cxd5 21. Bxd5 $18)
20. Nb6 d5 (20... Rb8 21. Bxf7+ $18 {ףa3}) 21. Nxa8 $18 Kh8 22. Nb6 Be6 23. h3
(23. bxc6 {Ftacnik} bxc6 24. Rc3 Qb4 25. Rxc6 Rb8 26. Nxd5 Bxd5 27. Bxd5 Qd4 $3
) 23... Rd8 24. bxc6 bxc6 25. Rc3 Qb4 26. Rxc6 Rb8 27. Nxd5 Qxa4 28. Rc1 Qa3
29. Bc4 1-0

[Event "Amsterdam Euwe Memorial"]
[Site "Amsterdam"]
[Date "1995.05.17"]
[Round "5"]
[White "Kasparov, Garry"]
[Black "Topalov, Veselin"]
[Result "1-0"]
[WhiteElo "2805"]
[BlackElo "2630"]
[Annotator "Ftacnik,L"]
[PlyCount "83"]
[EventDate "1995.05.12"]
[EventType "tourn"]
[EventRounds "6"]
[EventCountry "NED"]
[EventCategory "18"]
[SourceTitle "CBM 047"]
[Source "ChessBase"]
[SourceDate "1995.08.01"]
[SourceVersion "1"]
[SourceVersionDate "1995.08.01"]
[SourceQuality "1"]

1. e4 c5 2. Nf3 d6 3. d4 cxd4 4. Nxd4 Nf6 5. Nc3 g6 6. Be3 Bg7 7. f3 Nc6 8. Qd2
O-O 9. O-O-O d5 10. exd5 Nxd5 11. Nxc6 bxc6 12. Bd4 Nxc3 13. Qxc3 Bh6+ 14. Be3
Bxe3+ 15. Qxe3 Qb6 16. Qxe7 Be6 17. Qa3 Rfd8 (17... a5 18. Bd3 Qb4 19. Be4 Qxa3
20. bxa3 Ra6 21. Rd6 Rc8 22. Rhd1 Kg7 23. R1d3 (23. Bd5 Bxd5 24. R1xd5 {
Hoffmann,M-Tolnai,T/Budapest GM/1992/0.5 (30)}) 23... Rb6 24. Rc3 {Popovic,
P-Tolnai,T/OST-chT9394 (02)/1994/0.5 (46)}) (17... Qf2 18. Qa5 (18. Rd2 Qe1+
19. Rd1 Qf2 20. Rd2 Qe1+ 21. Rd1 Qe5 22. Kb1 Rab8 23. b3 c5 24. Qb2 $13 {
Schabanel,S-Van Dongen,P/Paris-ch (8)/1991/0.5 (41)}) 18... Rab8 19. h4 (19. b3
Qe3+ 20. Qd2 Qe5 21. Qd4 Qa5 22. Qb2 Rfd8 23. Bd3 Qg5+ 24. Rd2 $13 {
Fusi-Genser/AUT-chU20/1994/0.5 (54)}) 19... Rb6 20. h5 Rfb8 21. b3 Qe3+ 22. Qd2
Qc5 23. Qd4 Qa5 24. hxg6 $16 {Riveron-Cabrera,A/Jiguani/1991/1-0 (30)}) 18. Ba6
(18. Be2 $6 Bxa2 $1) 18... c5 19. Be2 c4 (19... Rab8 20. Rxd8+ Rxd8 21. Rd1 $16
) 20. f4 Rd4 (20... c3 21. Qxc3 Bxa2 22. Rxd8+ Rxd8 23. b3 $18) 21. Rxd4 Qxd4
22. g3 c3 (22... Qf2 23. Qf3 $16) 23. Qxc3 Qxc3 24. bxc3 Bxa2 25. Kb2 (25. c4
$2 Rc8) 25... Be6 26. c4 Kf8 (26... a5 27. Ra1) 27. Ra1 a5 28. c5 Ke7 29. c4
Bd7 (29... Kd7 30. Bf3 Ra6 31. Kc3 $16) 30. Bf3 Rb8+ (30... Ra6 31. Kc3 f6 32.
Bb7 Ra7 33. Re1+ Kf8 34. c6 $18) 31. Kc3 a4 32. Ra3 (32. c6 Rb3+ 33. Kd4 Rxf3
34. cxd7 Kxd7 35. Rxa4 $16) 32... Rc8 33. Kd4 h5 34. Bb7 Rd8 (34... Rc7 35. Ba6
Bf5 36. Bb5 Bc2 37. Bxa4 Bxa4 38. Rxa4 $18) 35. Kc3 h4 36. gxh4 Rh8 37. Bd5 (
37. c6 Be6 38. Rxa4 Kd6 39. Ra2 Rxh4 40. Rf2 $16) 37... Rxh4 38. Kb4 (38. c6
Be6) 38... Rxh2 (38... Rxf4 39. c6 Be6 40. Bxe6 fxe6 (40... Kxe6 41. Rd3 $1 $18
) 41. Kc5 Rh4 42. Rxa4 Rxh2 43. Ra8 $1 $18) 39. c6 Be6 (39... Bf5 40. Kc5 Bc2
41. c7 Rh8 42. Bb7 Bf5 43. Rxa4 $18) 40. Bxe6 fxe6 (40... Kxe6 41. Kc5 Rh8 42.
Rxa4 $18) 41. Kc5 Kd8 42. Rxa4 (42. Rxa4 Rf2 43. Ra8+ Kc7 44. Ra7+ Kc8 45. Rg7
$18) 1-0

[Event "Amsterdam Euwe Memorial"]
[Site "Amsterdam"]
[Date "1996.03.24"]
[Round "3"]
[White "Kasparov, Garry"]
[Black "Anand, Viswanathan"]
[Result "1-0"]
[WhiteElo "2775"]
[BlackElo "2725"]
[Annotator "Hansen,Cu"]
[PlyCount "71"]
[EventDate "1996.03.22"]
[EventType "tourn"]
[EventRounds "9"]
[EventCountry "NED"]
[EventCategory "18"]
[SourceTitle "CBM 052"]
[Source "ChessBase"]
[SourceDate "1996.06.01"]
[SourceVersion "1"]
[SourceVersionDate "1996.06.01"]
[SourceQuality "1"]

{King: Kasparov used the swinging rook to good effect in this game from his
recent Amsterdam triumph.} 1. e4 {King Blatny,P} c6 2. d4 d5 3. exd5 cxd5 4. c4
Nf6 5. Nc3 Nc6 (5... e6 {Blatny,P} 6. Nf3 Be7 7. cxd5 {-D42}) 6. Bg5 (6. Nf3 {
Blatny,P} Bg4 7. cxd5 Nxd5 8. Qb3 Bxf3 9. gxf3 e6 10. Qxb7 Nxd4 11. Bb5+ Nxb5
12. Qc6+ Ke7 13. Qxb5 Qd7 (13... Nxc3 14. bxc3 Qd7 15. Rb1) 14. Nxd5+ Qxd5 15.
Bg5+ f6 16. Qxd5 exd5 17. Be3 $13) 6... e6 (6... dxc4 {Blatny,P} 7. d5 (7. Bxc4
Qxd4 8. Qxd4 Nxd4 9. O-O-O $44) 7... Ne5 8. Qd4 h6 (8... Nd3+ 9. Bxd3 cxd3 10.
Nf3 $14) 9. Bf4 Ng6 10. Bxc4 Nxf4 11. Qxf4 a6 12. Nf3 g6 13. O-O Bg7 14. d6 e6
15. Rad1 {Vaganian-Ehlvest/Riga/1995/}) 7. Nf3 Be7 (7... dxc4 8. Bxc4 Be7 9.
O-O O-O {+/=/=}) 8. c5 (8. a3 {Blatny,P} O-O 9. Bd3 b6 $5 10. O-O Bb7 $10) 8...
h6 (8... O-O 9. Bb5 Ne4 10. Bxe7 {Has been played in a number of games =/+/=} (
10. Bxe7 {Blatny,P} Nxe7 (10... Nxc3 $1 11. bxc3 Nxe7 12. O-O b6 13. cxb6 axb6
$15 {<->c3}) 11. Rc1 b6 {Christiansen-Henkin/Biel/1994/})) (8... Ne4 {Blatny,P}
9. Bxe7 Qxe7 10. Qd3 Nb4 11. Qb5+ Nc6 12. Nxe4 dxe4 13. Ne5 $14 {
Gelfand-Kuczynski/Moscow/1994/}) 9. Bf4 (9. Bh4 O-O 10. Bb5 Ne4 {and black has
the useful extra-move h7-h6 compared to 8. - 0-0}) (9. Bxf6 {Blatny,P} Bxf6 10.
Bb5 O-O {Timman,J-Kramnik,V/Amsterdam VSB (02)/1996/1/2-1/2/43/ ;CBM 52}) 9...
Ne4 {[%cal Ye4c3] One of the points of early h7-h6. Black plays Sf6-e4 before
he castles. White has to make his mind op about the possibily Se4xc3.} 10. Bb5
{White allows black to weaken his queenside-pawnstruckture considerably.
However Kasparov does get/keep space-advantage in return} (10. Rc1 $5 Nxc3 (
10... O-O {Blatny,P} 11. Bb5 Nxc3 12. Rxc3 Qa5) 11. Rxc3) 10... Nxc3 11. bxc3
Bd7 12. O-O O-O 13. Rc1 $6 (13. Rb1 $5 {Blatny,P}) 13... Re8 $1 (13... b6 $6
14. c4 (14. Qa4 Qc8 $132 {[%cal Yb6c5,Ya7a6] /\bxc5//\a7-a6}) 14... bxc5 (14...
dxc4 15. d5 exd5 16. Qxd5 $36 (16. Qxd5 {Blatny,P} Qc8 17. cxb6 axb6 18. Rxc4
Bc5 $13)) 15. dxc5 $1 (15. cxd5 Nxd4 (15... exd5 16. dxc5 $16) 16. Nxd4 cxd4 {
Blacks seems to be fine}) 15... a6 (15... dxc4 16. Bd6 $14) 16. Ba4 $14 (16.
cxd5 axb5 17. dxc6 Bxc6 $10)) 14. Re1 Bf6 {[%csl Rc1] >< Rc1} (14... b6 15. c4
bxc5 16. cxd5 Nxd4 17. Nxd4 cxd4 18. Bc7) 15. Rb1 {Two moves ago white played
Ra1-c1, now Rc1-b1. What is Kasparov doing? It seems 13. Rc1 was directed
againt b7-b6. However if black doesn't play b6 the rook is not well placed on
c1. If white plays c3-c4 he gets a weak P on d4. More important are the
weakneses of the white squares c4,d5} (15. c4 Na5 $132 {[%csl Rc4,Rd5]}) 15...
b6 16. Ba6 Bc8 (16... bxc5 17. Bb7 $16) 17. Bb5 Bd7 18. Ba6 Bc8 19. Bd3 $5 {
An interesting pawn-sacrifice for space-advantage and |^} bxc5 (19... Bd7 20.
Ne5 Nxe5 21. dxe5 Bg5) 20. Ne5 {King: A well judged pawn sacrifice. The pawn
at e5 acts as a spearhead creating the space that White needs for his
manoeuvres against the king.} Bd7 (20... Nxe5 $5 21. dxe5 Bg5 {This looks at
first glance better than the game-continuation where whites two Bs are very
strong.} (21... Be7 22. Qg4 Kh8 23. Qh5 {/\Bh6,Qf7}) 22. Bxg5 (22. Bg3 Bd7 {
[%cal Ya8b8] /\Tb8. Does white have enough for the pawn?}) 22... Qxg5 (22...
hxg5 23. Qh5 g6 24. Bxg6 fxg6 25. Qxg6+ {/\Re3}) 23. Bb5 $1 (23. Qa4 $36 {
[%cal Ya4e8,Yb1b8] White has good play for the pawn. However it is hard to
believe that he is better} Rd8 (23... Qe7 $5) (23... Qd8 $5 {[%cal Yc8d7,Ya8b8]
/\Bc8-d7 + Ra8-b8} 24. Re3 {[%cal Ya4f4,Ye3g3] /\Tg3,Df4 ->} Bd7 25. Qf4 f5 $5
(25... Rb8 26. Rxb8 Qxb8 27. Rg3 Kf8 $13) 26. exf6 Qxf6 27. Qxf6 gxf6 28. Rg3+
Kf8 29. Rg6 (29. Rb7 Re7 $10) 29... f5 $13) 24. Qc6 {[%cal Rc6a8,Rc6c5]} Bd7
25. Qxc5 Rdc8 26. Qd4 Rc7 $10) 23... Rd8 24. Bc6) 21. Rb7 Bxe5 (21... Nxe5 $2
22. dxe5 Bg5 (22... Be7 23. Qg4 $16) (22... Bc6 {Blatny,P} 23. Rxf7 Kxf7 24.
exf6 Qxf6 (24... gxf6 25. Qh5+ $40) 25. Be5 Qg5 26. f4 Qh4 27. Re3 $36) 23.
Bxg5 $16) (21... Re7 $2 {Blatny,P} 22. Rxd7 $18) 22. dxe5 {[%cal Yd3h7,Yf4h6,
Yd1h5] ()} Rb8 (22... Ne7 {Blatny,P} 23. Qh5 Bc6 24. Bxh6 Bxb7 25. Bxg7 Kxg7
26. Qh7+ Kf8 27. Qh6+ Kg8 28. Bh7+ $18) 23. Rxb8 Qxb8 24. Qg4 $16 {[%cal Yf4h6]
/\Bxh6 Whites attack is very dangerous. Black has exchanged the wrong
minor-pieces.} Kf8 (24... Kh8 {Blatny,P} 25. Qh5 {/\Bh6}) 25. Re3 {[%cal Ye3g3,
Yg3g7] King: Black's kingside is bare, but still intact. The entry of the rook
into the attack, however, breaks the defences.} Qd8 (25... g5 {Blatny,P} 26.
Qh5 gxf4 27. Qxh6+ Ke7 28. Qf6+ Kf8 29. Rh3 Ne7 30. Qh6+ Kg8 31. Qh8#) (25...
Ne7 {Blatny,P} 26. Rg3 Ng6 27. Bxg6 fxg6 28. Qxg6 Re7 29. Qh7 $18) 26. h4 $1 {
[%csl Gg5]} (26. Rg3 g5) 26... Qa5 (26... f5 27. exf6 (27. Qg6 Qxh4) 27... Qxf6
28. Rf3 (28. Bd6+ Kg8 29. Bxc5 (29. Rf3 $18 {Blatny,P}) 29... Ne5 $10) (28. Bg6
e5 29. Qxd7 Qxg6) 28... Kg8 29. Bd6 $1 (29. Bd2 Ne5 $17) 29... Ne5 30. Bxe5
Qxe5 31. Qg6 $18) 27. Rg3 Ke7 (27... Qxc3 {Blatny,P} 28. Qxg7+ Ke7 29. Qf6+ Kf8
30. Bxh6#) 28. Qxg7 $18 Kd8 29. Qxf7 Qxc3 30. Bb5 Qa5 31. Rg7 Ne7 (31... Re7
32. Qf8+ Re8 33. Rxd7+ Kxd7 34. Bxc6+ Kxc6 35. Qxe8+ $18) 32. Bxd7 Kxd7 33. Qf6
(33. Bxh6 {Blatny,P} Qe1+ 34. Kh2 Qxe5+) 33... d4 (33... Qe1+ {Blatny,P} 34.
Kh2 Qxf2 35. Bxh6 {/\Bg5}) 34. Bxh6 c4 35. Bg5 Qc5 36. Rxe7+ (36. Rxe7+ Rxe7
37. Qxe7+ Qxe7 38. Bxe7 Kxe7 39. Kf1 $18) 1-0